00514pab a2200169 454500008004000000245003800040260000900078300001500087362001200102650001300114650003600127773004400163908000600207909001000213999001700223952010400240180718b1980 xxu||||| |||| 00| 0 eng d aThe global 2000 report (Document) c1980 ap.913-924. aJul-Sep aDocument aEconomic and social development aIndian Journal of Public Administration aN a88510 c88510d88510 00104070aIIPAbIIPAd2018-07-19hVolume no: 26, Issue no: 3pAR88970r2018-07-19w2018-07-19yAR